50 sắc thái

保存先:
書誌詳細
第一著者: James, E. L.
フォーマット: 図書
言語:Undetermined
出版事項: Hà Nội Lao động 2013
主題:
タグ: タグ追加
タグなし, このレコードへの初めてのタグを付けませんか!
Thư viện lưu trữ: Trung tâm Học liệu Trường Đại học Cần Thơ
LEADER 00551nam a2200193Ia 4500
001 CTU_181230
008 210402s9999 xx 000 0 und d
020 |c 169000 
082 |a 823.92 
082 |b J28 
100 |a James, E. L. 
245 0 |a 50 sắc thái 
245 0 |c E. L. James; Đăng Ngọc dịch 
260 |a Hà Nội 
260 |b Lao động 
260 |c 2013 
650 |a Sexual dominance and submission,Tiểu thuyết tình dục 
910 |a Nguyên 
980 |a Trung tâm Học liệu Trường Đại học Cần Thơ